MDQL
is popping MORE tags! Check the
thread
!
Quizzes
Events
Quiz Creation
Community
Videos
Private Events
Remove Ads
Sign In
Join for FREE
Feedback
Dark Mode
Quiz Categories
Sports
Geography
Music
Movies
Television
Just For Fun
Miscellaneous
History
Literature
Language
Science
Gaming
Entertainment
Religion
Holiday
For Kids
Quiz Lab
Recent
Popular Today
Quiz Kudos Today
Editor Picks
Curator Picks
Quizzes by...
Day
Popularity
Type
Ratings
Length
Year
Community
Subscriptions
Recent Discussions
Orange Saloon
Badges
Playlists
Quests
Create
Leaderboards
Showdown
Live 5
Trivia Bingo
Activity
Puzzle Library
Sporcle Events
Private Events
Virtual Trivia
Globe League
Become a Host
Pub Owners
SporcleCon
Opinionation
Our Games
Videos
Blog
Mobile Apps
Partnerships
Remove Ads and Go Orange
Feedback
Music
Pop Music
The Beatles
Song
Album
Lyrics
Bands
Singers
Artist
Clip
Rock
Rap
Classical
Billboard
Country Music
Kpop
Taylor Swift
Music
Pop Music
The Beatles
Song
Album
Lyrics
Bands
Singers
Artist
Clip
Rock
Rap
Classical
Billboard
Country Music
Kpop
Taylor Swift
Random Quiz
Search Sporcle
×
Quiz Lab
Quiz Lab
Music
Today
Type in answers that appear in a list
Type in answers that appear in a list
Classic
Best Score? Go Orange.
How Do You Feel Today? Lyrics - Gabrielle Aplin Stats
Can you name the How Do You Feel Today? Lyrics - Gabrielle Aplin?
By
lilmisshells
10m
168 Questions
40 Plays
40 Plays
40 Plays
Comments
Comments
Give Quiz Kudos
Give Quiz Kudos
-
- Ratings
hide this ad
Replay
Link that replays current quiz
Next Quiz
Link to next quiz in quiz playlist
You Got
0%
They Got
Avg Score
81%
Avg Friend Score
Upgrade to see
Score Distribution
Jump to the score distribution portion of the page
Score
0/168
Timer
10:00
0
Plays Today
Lyrics
% Correct
[chorus]
100%
[chorus]
100%
[chorus]
100%
The
95%
a
95%
the
95%
a
95%
the
95%
a
95%
the
95%
the
95%
the
95%
the
95%
I
92.5%
I
92.5%
I
92.5%
I
92.5%
how
92.5%
do
92.5%
you
92.5%
feel
92.5%
today
92.5%
how
92.5%
do
92.5%
you
92.5%
feel
92.5%
today
92.5%
how
92.5%
do
92.5%
you
92.5%
feel
92.5%
today
92.5%
you
92.5%
I
92.5%
you
92.5%
you
92.5%
I
92.5%
I
92.5%
I
92.5%
your
90%
and
90%
your
90%
to
90%
and
90%
your
90%
and
90%
your
90%
to
90%
your
90%
and
90%
your
90%
and
90%
so
87.5%
So
87.5%
so
87.5%
We
87.5%
Lyrics
% Correct
so
87.5%
sound
85%
of
85%
has
85%
of
85%
has
85%
all
85%
down
85%
all
85%
I'm
85%
all
85%
lay
85%
down
85%
of
85%
of
85%
of
85%
ring
82.5%
you're
82.5%
me
82.5%
laugh
80%
I've
80%
for
80%
but
80%
it
80%
had
80%
it
80%
had
80%
outside
80%
with
80%
our
80%
but
80%
it
80%
for
80%
my
80%
I've
80%
my
80%
be
80%
be
80%
I've
80%
but
80%
it
80%
it
80%
love
80%
but
80%
weariness
77.5%
eyes
77.5%
always
77.5%
nothing
77.5%
see
77.5%
gathered
77.5%
before
77.5%
feet
77.5%
gathered
77.5%
cause
77.5%
tonight
77.5%
closing
77.5%
Lyrics
% Correct
doors
77.5%
stay
77.5%
flaws
77.5%
salvation
77.5%
was
77.5%
smile
75%
moved
75%
faster
75%
than
75%
now
75%
tripping
75%
over
75%
backwards
75%
let
75%
refuse
75%
seen
75%
glory
75%
songs
75%
knew
75%
knew
75%
songs
75%
thousand
72.5%
heaviness
72.5%
asked
72.5%
found
72.5%
hard
72.5%
laid
72.5%
fate
72.5%
came
72.5%
at
72.5%
cost
72.5%
days
72.5%
lost
72.5%
offered
72.5%
wasn't
72.5%
enough
72.5%
those
72.5%
were
72.5%
those
72.5%
were
72.5%
night
70%
youth
70%
hands
70%
given
70%
hope
70%
bells
70%
just
70%
stories
70%
bells
70%
laughter
67.5%
guns
67.5%
laughter
67.5%
guns
67.5%
rope
65%
you've
62.5%
or
52.5%
Quiz Playlist
Details
Report
Send in Message
Add To Playlist
Classic:
Type in answers that appear in a list
Last Updated: Feb 16, 2017
Quiz Scoreboard
CHALLENGE
Sign Up to Join the Scoreboard
Show All
Scores
Hide
Comments
May contain spoilers
Recently Published
Street Fighter Characters
by Artimus82
Gaming
60s
9x9 Crossword: Cartoon Network
by jackfrog10
Miscellaneous
3m
College Basketball Coaching Resumes
by pancakes188
Sports
9m
More to Explore
Quiz From the Vault
Featured Blog Post
Where Did the Easter Bunny Come From?
hide this ad
You Might Also Like...
Tags
feel
Today
Today's Top Quizzes in Music
Browse Music
hide this ad
Today's Top Quizzes in Today
Browse Today
Top Contributed Quizzes in Music
1
Taylor Swift All Songs (2024)
2
Taylor Swift Logic Puzzle
3
Guess the Artist- 70s Songs
4
7-to-1: Billboard Hot 100 #1 Hits of 2010s
5
Sorting Albums and Songs
6
KPOP LOGIC QUIZ
7
Guess the Taylor Swift song (Mystery Song)
8
Guess The Taylor Swift Lyrics Song #1
9
Billboard Blitz: ABBA
10
Billboard Blitz: The Beatles
Explore More
Trending Topics
Kpop
Anime
Disney
Harry Potter
NBA
Marvel
Crossword
Puzzle
Pokémon
NFL
WWE
Country
Soccer
Song
The Office
hide this ad
More By:
lilmisshells
Quiz
Plays
Rating
Category
Featured
Created
champagne problems Lyrics - Taylor Swift
10,902
5.00
Music
Dec 11, 2020
All too well Lyrics by Taylor Swift
10,091
4.16
Music
Jul 26, 2016
Getaway Car Lyrics - Taylor Swift
9,775
4.69
Music
Nov 12, 2017
no body, no crime Lyrics - Taylor Swift (feat. HAIM)
5,749
4.79
Music
Dec 11, 2020
'tis the damn season Lyrics - Taylor Swift
5,498
4.83
Music
Dec 11, 2020
Go to Creator's Profile
Score Distribution
Quiz Creator Spotlight
lilmisshells
Follow
Send a Message
Quizzes Created
-
Created Quiz Play Count
-
More By This Creator
Popular Quizzes Today
1
Find the US States - No Outlines Minefield
2
Find the Countries of Europe - No Outlines Minefield
3
The Countries of the World
4
Find the US States
5
Risky Map Clicking: Biggest States A-Z
6
US States
7
Popular People in 1961
8
Movies - When Are They Set?
More Music Quizzes
Almost Famous Soundtrack Match
Editor's Pick
Trending Quizzes
Risky Map Clicking: Least Populous States A-Z
Countries of the World: 200 Million BC
1-10 Letter G Words
Risky Map Clicking: Next State Alphabetically
Adjectives in 80s TV Shows
Recently Updated
Leaping Animals
pecheneg
Reality TV Shows (A-Z)
bhenderson79
Rickey Henderson's Hall of Fame Teammates
pecheneg
Champions League XIs: Arsenal
pecheneg
Quick Pick: Celebrities in WWE's Hall of Fame
aduchscher
A-Z Keypad Blitz II
pecheneg
Multiple Oscar Actors
pecheneg
Mystery Phrase Blitz: Oscar 'Best Actors'
pecheneg
F. Scott Fitzgerald Novels
LTH
Pick 3 Villains
ddd62291
Trending Topics
Disney
Marvel
Crossword
Anime
NBA
Kpop
Harry Potter
Pokémon
Country
Puzzle
Song
WWE
NFL
Soccer
The Office
Your Account Isn't Verified!
In order to create a playlist on Sporcle, you need to verify the email address you used during registration. Go to your
Sporcle Settings
to finish the process.
Report this User
Report this user for behavior that violates our
Community Guidelines
.
Details:
Send Report
Go to the Sporcle.com Mobile Site →
Comments